10th Politburo of the Chinese Communist Party (1973-1977) - Statistics

General Stats
  • This quiz has been taken 5 times
  • The average score is 18 of 26
Answer Stats
Picture Hint Answer % Correct
1975-1976 (Purged) | 1977 Deng Xiaoping
100%
1973-1975 (Died) Dong Biwu
100%
1973-1977 Hua Guofeng
100%
1973-1976 (Purged) Jiang Qing
100%
1973-1975 (Died) Kang Sheng
100%
1973-1976 (Died) Mao Zedong
100%
1973-1976 (Purged) Yao Wenyuan
100%
1973-1976 (Died) Zhou Enlai
100%
1973-1976 (Died) Zhu De
100%
1973-1977 Chen Yonggui
67%
1973-1977 Ji Dengkui
67%
1973-1977 Li Xiannian
67%
1973-1976 (Purged) Wang Hongwen
67%
1973-1977 Wei Guoqing
67%
1973-1977 (Alternate) Wu Guixian
67%
1973-1977 Xu Shiyou
67%
1973-1977 Ye Jianying
67%
1973-1976 (Purged) Zhang Chunqiao
67%
1973-1977 Chen Xilian
33%
1973-1975 (Resigned) Li Desheng
33%
1973-1977 Liu Bocheng
33%
1973-1977 (Alternate) Ni Zhifu
33%
1973-1977 (Alternate) Seypidin Azizi
33%
1973-1977 (Alternate) Su Zhenhua
33%
1973-1977 Wang Dongxing
33%
1973-1977 Wu De
33%
No matching quizzes found
Score Distribution
Percent of People with Each Score
Percentile by Number Answered
Your Score History
You have not taken this quiz